<?xml version="1.0" encoding="UTF-8"?>
<record
    xmlns:xsi="http://www.w3.org/2001/XMLSchema-instance"
    xsi:schemaLocation="http://www.loc.gov/MARC21/slim http://www.loc.gov/standards/marcxml/schema/MARC21slim.xsd"
    xmlns="http://www.loc.gov/MARC21/slim">

  <leader>01019nam a22001937a 4500</leader>
  <controlfield tag="001">10022</controlfield>
  <controlfield tag="003">FISKH</controlfield>
  <controlfield tag="005">20260401112855.0</controlfield>
  <controlfield tag="008">260330b        cb ||||| |||| 00| 0 eng d</controlfield>
  <datafield tag="020" ind1=" " ind2=" ">
    <subfield code="a">9787517605683</subfield>
  </datafield>
  <datafield tag="040" ind1=" " ind2=" ">
    <subfield code="a">FISKH</subfield>
    <subfield code="b">chi</subfield>
    <subfield code="c">FISKH</subfield>
    <subfield code="d">FISKH</subfield>
  </datafield>
  <datafield tag="082" ind1=" " ind2=" ">
    <subfield code="a">628.925</subfield>
  </datafield>
  <datafield tag="100" ind1=" " ind2=" ">
    <subfield code="a">&#x5A1C;&#x5854;&#x8389;&#xB7;&#x9A6C;&#x6B47;&#x5C14;</subfield>
  </datafield>
  <datafield tag="245" ind1=" " ind2=" ">
    <subfield code="a">&#x300A;&#x6D88;&#x9632;&#x8F66;&#x300B;/</subfield>
    <subfield code="c">&#x5A1C;&#x5854;&#x8389;&#xB7;&#x9A6C;&#x6B47;&#x5C14;</subfield>
  </datafield>
  <datafield tag="300" ind1=" " ind2=" ">
    <subfield code="a">10 unnumbered pages : </subfield>
    <subfield code="b">color illustrations ;</subfield>
    <subfield code="c">15 cm .</subfield>
  </datafield>
  <datafield tag="520" ind1=" " ind2=" ">
    <subfield code="a">&#x672C;&#x4E66;&#x662F;&#x201C;&#x5FD9;&#x5FD9;&#x788C;&#x788C;&#x7684;&#x6551;&#x63F4;&#x7CFB;&#x5217;&#x201D;&#x4E2D;&#x7684;&#x4E00;&#x672C;&#x513F;&#x7AE5;&#x7ED8;&#x672C;&#xFF0C;&#x4E3B;&#x8981;&#x4ECB;&#x7ECD;&#x6D88;&#x9632;&#x8F66;&#x4EE5;&#x53CA;&#x6D88;&#x9632;&#x5458;&#x7684;&#x5DE5;&#x4F5C;&#x3002;&#x901A;&#x8FC7;&#x751F;&#x52A8;&#x7684;&#x56FE;&#x753B;&#x548C;&#x7B80;&#x5355;&#x7684;&#x6587;&#x5B57;&#xFF0C;&#x5B69;&#x5B50;&#x53EF;&#x4EE5;&#x4E86;&#x89E3;&#x6D88;&#x9632;&#x8F66;&#x7684;&#x529F;&#x80FD;&#x3001;&#x6551;&#x706B;&#x8FC7;&#x7A0B;&#x4EE5;&#x53CA;&#x5728;&#x7D27;&#x6025;&#x60C5;&#x51B5;&#x4E0B;&#x5982;&#x4F55;&#x5E2E;&#x52A9;&#x4EBA;&#x4EEC;&#x3002;

&#x4E66;&#x4E2D;&#x901A;&#x5E38;&#x4F1A;&#x5C55;&#x793A;&#xFF1A;

&#x6D88;&#x9632;&#x8F66;&#x7684;&#x7ED3;&#x6784;&#x548C;&#x88C5;&#x5907;
&#x6D88;&#x9632;&#x5458;&#x5982;&#x4F55;&#x63A5;&#x5230;&#x62A5;&#x8B66;&#x5E76;&#x51FA;&#x52A8;
&#x706D;&#x706B;&#x548C;&#x6551;&#x63F4;&#x7684;&#x8FC7;&#x7A0B;
&#x5B89;&#x5168;&#x77E5;&#x8BC6;&#x548C;&#x57FA;&#x672C;&#x5E38;&#x8BC6;

&#x6574;&#x4F53;&#x5185;&#x5BB9;&#x8D34;&#x8FD1;&#x751F;&#x6D3B;&#xFF0C;&#x5E2E;&#x52A9;&#x513F;&#x7AE5;&#x8BA4;&#x8BC6;&#x793E;&#x4F1A;&#x804C;&#x4E1A;&#xFF0C;&#x540C;&#x65F6;&#x57F9;&#x517B;&#x5B89;&#x5168;&#x610F;&#x8BC6;&#x548C;&#x5BF9;&#x4ED6;&#x4EBA;&#x7684;&#x5173;&#x7231;&#x3002;</subfield>
  </datafield>
  <datafield tag="942" ind1=" " ind2=" ">
    <subfield code="2">ddc</subfield>
    <subfield code="c">BOOK</subfield>
    <subfield code="n">0</subfield>
  </datafield>
  <datafield tag="999" ind1=" " ind2=" ">
    <subfield code="c">10022</subfield>
    <subfield code="d">10022</subfield>
  </datafield>
  <datafield tag="952" ind1=" " ind2=" ">
    <subfield code="0">0</subfield>
    <subfield code="1">0</subfield>
    <subfield code="2">ddc</subfield>
    <subfield code="4">0</subfield>
    <subfield code="7">0</subfield>
    <subfield code="8">REF</subfield>
    <subfield code="a">002</subfield>
    <subfield code="b">002</subfield>
    <subfield code="c">LSHTTP</subfield>
    <subfield code="d">2026-03-30</subfield>
    <subfield code="l">0</subfield>
    <subfield code="o">&#x5A1C;&#x5854;&#x8389;&#xB7;&#x9A6C;&#x6B47;&#x5C14; 628.925</subfield>
    <subfield code="p">2026-0404</subfield>
    <subfield code="r">2026-03-30 14:07:05</subfield>
    <subfield code="w">2026-03-30</subfield>
    <subfield code="y">BK</subfield>
  </datafield>
</record>
